=LDR 00000nam 2200000 4500 =001 INLIS000000000038535 =005 20130612144212 =008 ***********************************Ind** =035 ##$$a0010-061300000038535 =041 ##$$a Ind =082 ##$$a 641.5 =090 ##$$a 641.5, Win h =100 ##$$a Winata, Mary =245 ##$$a Hidangan daging serba Tim =260 ##$$a 2010 $b Jakarta =300 ##$$a 56 hlm, Ilus, 22 cm =650 ##$$a Masakan Daging, Resep =700 ##$$a Hardiman, Intarina =850 ##$$a NBPNMAT =990 ##$$a 92858/BPAP-NTB/2014 =990 ##$$a 92859/BPAP-NTB/2014